000 01126cas a22003017a 4500
999 _c416838
_d416838
001 136317
003 UA-OsUOA
005 20190926105908.0
007 ta
008 201903c2010n ||un br|p||00| 0 ukrcdukr d
040 _aUA-OsUOA
_bukr
_cUA-OsUOA
_dUA-OsUOA
041 _aukr
044 _aUA
080 _a94(477)
090 _a94(477)
_bИ90
099 _a49604
110 _aІнститут педагогіки НАПН України
245 _aІсторія і суспільствознавство в школах України: теорія та методика навчання
_cгол. ред. Пометун О.
_bнауково-методичний журнал
260 _aК.
310 _aодин раз на два місяці
520 _aКиїв, сучасна шкільна історична, правознавча, громадянська освіта.
650 7 _a9 Географія. Біографії. Історія
_2UDC
942 _cMG
_2udc
955 _a0
962 _d2010